| 000 | 00697nam a2200205Ia 4500 | ||
|---|---|---|---|
| 003 | GCL | ||
| 008 | 140319s9999 xx 000 0 ara d | ||
| 040 |
_aGCL / _cGCL |
||
| 082 | 0 | 4 |
_a537.2 _bا ك |
| 100 | 1 | _aاحمد عبدالسلام | |
| 245 | 1 | 0 |
_aالكهرباء لطلبة كليات العلوم والهندسة والمعاهد التقنية العليا / _cاحمد عبدالسلام |
| 700 | 1 | _aالطاهر مختار ابو عين | |
| 700 | 1 | _aمحمد العربى الاسطى | |
| 260 |
_aالقاهرة : _bمكتبة مصر ، _c1994 |
||
| 300 |
_a411 ص ؛ _c26سم |
||
| 490 | _a | ||
| 650 | 0 | 4 | _aالكهرباء |
| 650 | 0 | 4 | _aالفيزياء |
| 942 |
_2ddc _cBK |
||
| 999 |
_c41995 _d41995 |
||